| 000 | 00967nam a22002417a 4500 | ||
|---|---|---|---|
| 999 |
_c65895 _d65895 |
||
| 005 | 20240530110848.0 | ||
| 008 | 201102s2020 ua ah f b 000 0 ara d | ||
| 017 |
_a2019/9255 _bمصر. دار الكتب |
||
| 020 | _a9789777359825 | ||
| 040 |
_aEG-CaGPL _cEG-CaGPL |
||
| 082 | 0 | 4 |
_221 _a398.27/ _bق/ع م |
| 100 | 0 | _aعبدالمنعم على عمر | |
| 245 | 1 | 2 |
_aالمعتقدات والقيم الاجتماعية عند قدماء المصريين / _cعبدالمنعم على عمر |
| 250 | _aط.1 | ||
| 260 |
_aالقاهرة : _bدار الوفاء لدنيا الطباعة و النشر، _c2020. |
||
| 300 |
_a427 ص. : _bايض ؛ _c24 سم. |
||
| 504 | _aيشتمل على ارجاعات ببليوجرافية | ||
| 650 | 0 | 7 |
_2qrmak _aالعادات والتقاليد |
| 651 | _2qrmak | ||
| 653 | 0 | _aالقدماء المصريين - العادات والتقاليد | |
| 942 |
_2ddc _cBK |
||